[Event "Nevinnomyssk"]
[Site "Nevinnomyssk"]
[Date "2009.02.25"]
[Round "7"]
[White "Erendzhenov, Igor"]
[Black "Gutyakulov, Amal"]
[Result "1/2-1/2"]
[WhiteElo "1973"]
[BlackElo "1964"]
[PlyCount "72"]
[EventDate "2009.02.21"]
[EventType "tourn"]
[EventRounds "11"]
[EventCountry "RUS"]
[SourceTitle "EXT 2012"]
[Source "ChessBase"]
[SourceDate "2011.11.24"]
[SourceVersion "1"]
[SourceVersionDate "2011.11.24"]
[SourceQuality "1"]

1. d4 d5 2. c4 e6 3. Nc3 Nf6 4. cxd5 exd5 5. Bg5 Be7 6. e3 0-0 7. Qc2 c6 8. Bd3 h6 9. Bh4 a5 10. Nge2 Na6 11. a3 Nc7 12. 0-0 Ne6 13. f3 b6 14. Na4 Bd7 15. Rac1 g5 16. Bf2 c5 17. Nac3 c4 18. Bf5 b5 19. Bxe6 fxe6 20. Qg6+ Kh8 21. Qxh6+ Nh7 22. Bg3 Qe8 23. h4 Kg8 24. Be5 Qf7 25. h5 Rfc8 26. g4 b4 27. Nb1 Be8 28. f4 Bf8 29. fxg5 Bxh6 30. Rxf7 Nxg5 31. Rff1 c3 32. bxc3 Bb5 33. Nf4 Bxf1 34. Kxf1 bxc3 35. Rxc3 Rxc3 36. Nxc3 Kf7 1/2-1/2

[Event "Nevinnomyssk"]
[Site "Nevinnomyssk"]
[Date "2009.02.24"]
[Round "5"]
[White "Erendzhenov, Igor"]
[Black "Tekeyev, Zaur"]
[Result "0-1"]
[WhiteElo "1973"]
[BlackElo "2060"]
[PlyCount "90"]
[EventDate "2009.02.21"]
[EventType "tourn"]
[EventRounds "11"]
[EventCountry "RUS"]
[SourceTitle "EXT 2012"]
[Source "ChessBase"]
[SourceDate "2011.11.24"]
[SourceVersion "1"]
[SourceVersionDate "2011.11.24"]
[SourceQuality "1"]

1. e4 e6 2. d4 d5 3. Nc3 Bb4 4. e5 c5 5. a3 Bxc3+ 6. bxc3 Ne7 7. Nf3 Nbc6 8. Bb5 Qa5 9. Bxc6+ bxc6 10. Bd2 Ba6 11. c4 Qa4 12. 0-0 Qxc4 13. dxc5 Qxf1+ 14. Qxf1 Bxf1 15. Kxf1 Kd7 16. Ng5 Rhf8 17. Nxh7 Rh8 18. Ng5 Rxh2 19. Kg1 Rah8 20. Nh3 R8xh3 21. gxh3 Rxh3 22. Kg2 Rh4 23. f4 Nf5 24. Rb1 Kc7 25. Rb4 Rg4+ 26. Kf2 Ng3 27. Kf3 Rg6 28. Rb3 Ne4 29. Ba5+ Kc8 30. Bb4 Rg3+ 31. Ke2 Rg2+ 32. Kd1 Rf2 33. Rh3 Rxf4 34. Rh8+ Kb7 35. Re8 g5 36. Re7+ Ka6 37. c4 dxc4 38. Rc7 Kb5 39. Rxa7 c3 40. a4+ Kxb4 41. a5 Nxc5 42. a6 Rd4+ 43. Kc1 Nb3+ 44. Kb1 Rd1+ 45. Kc2 Rd2+ 0-1

[Event "Bashanta Summer"]
[Site "Gorodovikovsk"]
[Date "2008.07.??"]
[Round "7"]
[White "Erendzhenov, Igor"]
[Black "Dzhungurov, Vasily"]
[Result "1-0"]
[WhiteElo "2000"]
[BlackElo "1985"]
[PlyCount "35"]
[EventDate "2008.07.16"]
[EventType "tourn"]
[EventRounds "9"]
[EventCountry "RUS"]
[SourceTitle "EXT 2022"]
[Source "ChessBase"]
[SourceDate "2021.10.06"]
[SourceVersion "1"]
[SourceVersionDate "2021.10.06"]
[SourceQuality "1"]

1. d4 Nf6 2. c4 e6 3. Nc3 d5 4. Nf3 c6 5. a3 Nbd7 6. Bg5 Qc7 7. e3 Bd6 8. Rc1 h6 9. Bh4 g5 10. Bg3 Bxg3 11. hxg3 g4 12. Nd2 h5 13. e4 dxe4 14. Ndxe4 b6 15. d5 cxd5 16. cxd5 Qe5 17. Qe2 exd5 18. Nxf6+ 1-0

[Event "Bashanta Summer"]
[Site "Gorodovikovsk"]
[Date "2008.07.??"]
[Round "3"]
[White "Erendzhenov, Igor"]
[Black "Shilin, Ivan"]
[Result "1-0"]
[WhiteElo "2000"]
[BlackElo "2171"]
[PlyCount "95"]
[EventDate "2008.07.16"]
[EventType "tourn"]
[EventRounds "9"]
[EventCountry "RUS"]
[SourceTitle "EXT 2022"]
[Source "ChessBase"]
[SourceDate "2021.10.06"]
[SourceVersion "1"]
[SourceVersionDate "2021.10.06"]
[SourceQuality "1"]

1. d4 d5 2. Nf3 c6 3. c4 e6 4. Nc3 Nf6 5. Bg5 Nbd7 6. e3 Bd6 7. a3 a5 8. Qc2 h6 9. Bh4 b6 10. cxd5 exd5 11. Bd3 Bb7 12. e4 dxe4 13. Nxe4 Be7 14. Bg3 0-0 15. 0-0 c5 16. dxc5 Nxc5 17. Nxc5 Bxc5 18. Rad1 Qc8 19. Bf5 Qc6 20. Rc1 Qb5 21. Bd3 Qd7 22. Rcd1 Qc6 23. Rc1 Qd7 24. Rfd1 Qe7 25. Re1 Qd7 26. Bf5 Qb5 27. Ne5 Bd4 28. a4 Qxb2 29. Qc7 Bc8 30. Bxc8 Raxc8 31. Qxc8 Rxc8 32. Rxc8+ Kh7 33. Nxf7 Nh5 34. Rh8+ Kg6 35. Ne5+ Bxe5 36. Bxe5 Qb4 37. Ra1 Qc5 38. Bg3 Nf6 39. Rd8 Qc3 40. Rdd1 Kh7 41. f3 Qb3 42. Bf2 Nd5 43. h4 Nc3 44. Rd7 Nxa4 45. Bd4 Kg6 46. g4 Kh7 47. Re1 Qg8 48. Ree7 1-0

[Event "Bashanta Summer"]
[Site "Gorodovikovsk"]
[Date "2008.07.??"]
[Round "2"]
[White "Papuev, Victor"]
[Black "Erendzhenov, Igor"]
[Result "1/2-1/2"]
[WhiteElo "1763"]
[BlackElo "2000"]
[PlyCount "38"]
[EventDate "2008.07.16"]
[EventType "tourn"]
[EventRounds "9"]
[EventCountry "RUS"]
[SourceTitle "EXT 2022"]
[Source "ChessBase"]
[SourceDate "2021.10.06"]
[SourceVersion "1"]
[SourceVersionDate "2021.10.06"]
[SourceQuality "1"]

1. d4 d5 2. c4 e6 3. Nc3 Be7 4. Bf4 Nf6 5. e3 b6 6. Nf3 0-0 7. Be2 a6 8. a3 Bb7 9. b4 c5 10. bxc5 bxc5 11. cxd5 Nxd5 12. Nxd5 Bxd5 13. 0-0 Nd7 14. dxc5 Nxc5 15. Ne5 Bf6 16. Rc1 Rc8 17. Ng4 Bb2 18. Rb1 Bxa3 19. Ra1 Bb2 1/2-1/2

[Event "Lagan Grey Kaspian Sea-C"]
[Site "Lagan"]
[Date "2007.07.23"]
[Round "?"]
[White "Mandzhiev, Vladimir"]
[Black "Erendzhenov, Igor"]
[Result "0-1"]
[WhiteElo "1679"]
[BlackElo "1980"]
[PlyCount "46"]
[EventDate "2007.07.23"]
[EventType "tourn"]
[EventRounds "9"]
[EventCountry "RUS"]
[SourceTitle "EXT 2022"]
[Source "ChessBase"]
[SourceDate "2021.10.06"]
[SourceVersion "1"]
[SourceVersionDate "2021.10.06"]
[SourceQuality "1"]

1. e4 c6 2. d4 d5 3. e5 Qb6 4. Nf3 Bg4 5. Be2 e6 6. h3 Bxf3 7. Bxf3 Ne7 8. Nc3 Nf5 9. 0-0 Nxd4 10. Bg4 c5 11. Rb1 Nd7 12. Re1 Be7 13. Na4 Qa5 14. c3 Nc6 15. Bd2 b5 16. c4 Qxa4 17. cxb5 Qxb5 18. Be2 Qb6 19. a4 0-0 20. Bb5 Ndxe5 21. Qc2 Nd4 22. Qc3 Nxb5 23. axb5 Ng6 0-1